00590nam a2200133Ia 4500008004100000100001700041245015400058245008900212260005300301260001800354300000800372650001500380856006100395170221s9999 xx 000 0 und d aTahira Nazir aMediating Role of Organizational Cynicism in Relationship between Role Stressors and Turnover Intention: Evidence from Healthcare Sector of Pakistan  cTahira Nazir, Ungku Norulkamar Bt. Ungku Ahmad, Samina Nawab, Syed Fida Hussain Shah bInternational Review of Management and Marketing cDecember 2013 a5:2 xMarketing. uhttp://www.econjournals.com/index.php/irmm/issue/view/72